000 00284nam a22001337a 4500
008 171016b xxu||||| |||| 00| 0 eng d
020 _a0395500516
041 _aeng
080 _22ND
_a33
100 _a52
101 _aEKO
245 _aECONOMICS
_cKAMERSCHEN,D.R
942 _2udc
_cBK
999 _c33993
_d33993